000 00518cam a2200205ua 4500
001 1158
005 20260515113305.0
008 110429n ii |||gr||||Z||||||eng
020 _a81-219-00818-3
040 _cMAIN
082 _a330.1508
245 1 _aHistory of economic thought.
_cBy V Lokanathan.
250 _a1st.
260 _aNew Delhi.:
_bS-chand.,
_c2004.
300 _aviii, 471 p.:
_c20 cm.
653 _aEconomics.
653 _aHistory of economic thought.
700 _aLokanathan, V.,
942 _cBK
999 _c1069
_d1069